000 00829nam a2200265Ia 4500
003 OSt
005 20220930094848.0
006 a|||||r|||| 00| 0
007 ta
008 220926b |||||||| |||| 00| 0 hin d
020 _a9788190918237 (hbk)
024 _a27356
037 _bGift, 22/07/2016,
_cTheses
040 _aCRL
_cCRL
_bhin
041 _2hin
_ahin
082 _aO152,1N69x, Q2
100 _aनीरजा
245 0 _aकैक्टस के फूल
246 _aKaikṭas ke fūla
260 _aदिल्ली
_bमीडिया एसोसियेट्स भारत
_c2012
300 _a48पृ0
_ap.
_ccm.
650 _aहिन्दी साहित्य
942 _hO152,1N69x, Q2
_cDIS
_2CC
999 _c887800
_d887800